| 000 | 00437nam a2200169Ia 4500 | ||
|---|---|---|---|
| 008 | 210210b2001 xxu||||| |||| 00| 0 eng d | ||
| 020 | _a019 565632 6 | ||
| 082 | _a423.1 KIRC | ||
| 100 | _aKIRKPATRICK (Betty). | ||
| 245 | _aConcise oxford thesaurus. Ed 1. | ||
| 250 | _a | ||
| 260 |
_aNew Delhi. _bOxford University Press., _c2001 |
||
| 300 | _avii,896 | ||
| 650 | _aSynonyms | ||
| 690 | _aEnglish Dictionaries | ||
| 906 | _a057137 | ||
| 999 |
_c104674 _d104674 |
||